Analýza a identifikácia rizík bezpečnosti práce pre pozíciu technik kvality vo vybranom podniku

Gespeichert in:
Bibliographische Detailangaben
1. Verfasser: Vyskoč, Dominik (Verfasst von)
Weitere Verfasser: Buranská, Eva (Betreuung Doktorarbeit)
Format: Manuskript Buch
Sprache:Slowakisch
Veröffentlicht: 2024
Schlagworte:
Online-Zugang:http://is.stuba.sk/zp/portal_zp.pl?podrobnosti=177797
Tags: Tag hinzufügen
Keine Tags, Fügen Sie das erste Tag hinzu!

MARC

LEADER 00000ntm a22000003a 4500
001 stuzp99395
003 SK-STU
005 20240608213034.8
007 ta
008 150427s2015----xo-----f-mn---000-0-slo-d
040 |a STU  |b slo 
041 0 |a slo 
100 1 |a Vyskoč, Dominik  |u 065000  |4 aut  |U MTF Materiálovotechnologická fakulta  |T MTF Ústav integrovanej bezpečnosti  |X 98294  |U M5000  |Y 85  |7 98294 
242 0 1 |a Analysis and identification of occupational safety risks for the quality technician position in a selected company  |y eng 
245 1 0 |a Analýza a identifikácia rizík bezpečnosti práce pre pozíciu technik kvality vo vybranom podniku 
260 |c 2024 
650 4 |a Riziko  |2 slo 
650 4 |a Technik kvality  |2 slo 
650 4 |a Analýza rizík  |2 slo 
650 4 |a Risk analysis  |2 eng 
650 4 |a Risk  |2 eng 
650 4 |a Quality technician  |2 eng 
700 1 |a Buranská, Eva  |u 065200  |k Z1  |4 ths  |U MTF Ústav integrovanej bezpečnosti  |T MTF Katedra bezpečnostného inžinierstva  |X 28428  |U M5200  |Y 192  |7 28428 
856 4 |u http://is.stuba.sk/zp/portal_zp.pl?podrobnosti=177797 
996 |c M* DP-15471  |l MMSKP  |s P  |a 0  |w stuzp99395_0001